000 00298nam a22001097a 4500
008 140515t xxu||||| |||| 00| 0 eng d
020 _a978-93-80235-53-0
100 _aAsoke Kumar Sannigrahi
_9859
245 _aAgriculture and Waste Management for Sustainable Future
300 _a236
942 _2ddc
_cBK
999 _c17103
_d17103